| 000 | 00699nam a2200229 a 4500 | ||
|---|---|---|---|
| 005 | 20250402063807.0 | ||
| 008 | 160823s2013 mx r 000 0 spa d | ||
| 020 | _a9789871305766 | ||
| 035 | _aUPN01000212494 | ||
| 049 | _aCG | ||
| 050 | 4 |
_aZA3157 _bM6.2 |
|
| 100 | 1 |
_aMonfasani, Rosa Emma _939428 |
|
| 245 | 1 | 0 |
_aBibliotecarios, usuarios y gestión del conocimiento / _cRosa Monfasani. |
| 260 |
_aBuenos Aires : _bAlfagrama, _c2013. |
||
| 300 |
_a234 p. : _bcuadros, gráfs., il. |
||
| 440 | 0 | _aBiblioteca Alfagrama | |
| 650 | 4 |
_aServicios de información _97892 |
|
| 650 | 4 |
_aAdministración del conocimiento _9495 |
|
| 650 | 2 |
_aBibliotecarios _93913 |
|
| 905 | _aLibro | ||
| 999 |
_c184594 _d184594 |
||